Paroles - La mamma - Charles Aznavour - Statistiques

Statistiques générales
  • Ce quiz a été pris 86 fois
  • Le résultat moyen est 208 sur 279
Statistiques - réponses
Hint Réponse % Correct
Couplet 1 | Couplet 2
100%
Couplet 1 | Couplet 3 | Couplet 4 | +7 others la
100%
Couplet 1 | Couplet 3 | Couplet 4 | +5 others mamma
100%
Couplet 1 | Couplet 4 | Couplet 6 | Couplet 9 Elle
98%
Couplet 1 | Couplet 2 Ils
98%
Couplet 1 | Couplet 2 ils
98%
Couplet 1 | Couplet 2 sont
98%
Couplet 1 | Couplet 2 | Couplet 6 tous
98%
Couplet 3 Tous
98%
Couplet 2 | Couplet 3 | Couplet 7 le
96%
Couplet 7 Le
96%
Couplet 1 | Couplet 4 | Couplet 6 | Couplet 9 mourir
96%
Couplet 1 | Couplet 4 | Couplet 6 | Couplet 9 va
96%
Couplet 1 | Couplet 2 venus
96%
Couplet 7 vin
96%
Couplet 2 | Couplet 4 | Couplet 5 | +5 others de
94%
Couplet 1 Dès
94%
Couplet 2 | Couplet 9 des
94%
Couplet 9 Des
94%
Couplet 2 | Couplet 8 | Refrain | Refrain 2 a
91%
Couplet 3 | Couplet 8 | Refrain | Refrain 2 À
91%
Couplet 2 | Couplet 3 | Couplet 8 du
91%
Couplet 10 | Couplet 2 | Couplet 3 | +4 others les
91%
Couplet 4 On
89%
Couplet 10 | Couplet 8 on
89%
Couplet 8 Qui
89%
Couplet 2 | Couplet 8 | Refrain | Refrain 2 Y
89%
Couplet 1 ce
87%
Couplet 10 | Couplet 3 | Couplet 8 en
87%
Couplet 5 En
87%
Couplet 2 fils
87%
Couplet 3 | Couplet 8 lit
87%
Couplet 2 Même
87%
Couplet 2 | Couplet 8 même
87%
Couplet 8 | Couplet 9 se
87%
Couplet 5 | Refrain | Refrain 2 Ave
85%
Couplet 7 | Couplet 8 | Refrain | Refrain 2 et
85%
Couplet 6 | Couplet 9 Et
85%
Couplet 10 qu'il
85%
Couplet 2 Avec
83%
Couplet 2 l'Italie
83%
Couplet 2 maudit
83%
Couplet 1 | Couplet 6 ont
83%
Couplet 2 plein
81%
Couplet 1 qu'ils
81%
Couplet 7 Qu'ils
81%
Couplet 2 sud
81%
Couplet 10 | Couplet 3 | Couplet 8 un
81%
Couplet 10 enfant
79%
Couplet 5 | Refrain | Refrain 2 Maria
79%
Couplet 3 | Couplet 5 sur
79%
Couplet 5 sûr
79%
Couplet 6 | Couplet 7 Sur
79%
Couplet 3 | Refrain | Refrain 2 Autour
77%
Couplet 3 enfants
77%
Couplet 8 Près
77%
Couplet 4 ses
77%
Couplet 2 | Couplet 5 bras
74%
Couplet 2 ceux
74%
Couplet 6 si
74%
Refrain | Refrain 2 toi
74%
Couplet 1 cri
72%
Couplet 1 entendu
72%
Refrain | Refrain 2 tant
72%
Couplet 2 présents
70%
Couplet 3 | Couplet 8 C'est
68%
Couplet 3 leurs
68%
Couplet 3 Mais
68%
Couplet 3 | Couplet 8 pas
68%
Couplet 4 baisers
66%
Couplet 4 | Couplet 5 lui
66%
Couplet 7 que
66%
Outro Que
66%
Couplet 3 silence
66%
Couplet 3 cadeaux
64%
Couplet 2 Giorgio
64%
Couplet 8 | Outro ne
64%
Couplet 3 peu
64%
Couplet 5 chantant
62%
Refrain | Refrain 2 d'amour
62%
Couplet 8 joue
62%
Refrain | Refrain 2 larmes
62%
Refrain | Refrain 2 sourires
62%
Refrain | Refrain 2 souvenirs
62%
Couplet 6 eu
60%
Couplet 6 | Couplet 8 grand
60%
Couplet 6 hommes
60%
Couplet 3 jouent
60%
Couplet 4 oreillers
60%
Refrain | Refrain 2 travers
60%
Couplet 7 bon
57%
Couplet 3 carreau
57%
Couplet 3 derniers
57%
Couplet 10 Pour
57%
Couplet 10 | Couplet 7 bonne
55%
Outro jamais
55%
Couplet 6 soleil
55%
Outro Tu
55%
Outro nous
53%
Couplet 4 remonte
53%
Couplet 10 une
53%
Couplet 7 boivent
51%
Couplet 6 chaud
51%
Couplet 3 jeux
51%
Couplet 3 n'ont
51%
Couplet 10 comme
49%
Couplet 3 d'importance
49%
Couplet 7 nouveau
49%
Couplet 8 triste
49%
Couplet 5 est
47%
Couplet 3 ou
47%
Couplet 8 sent
47%
Couplet 8 attention
45%
Couplet 6 chemins
45%
Couplet 8 faisant
45%
Couplet 8 guitariste
45%
Couplet 8 l'affection
43%
Couplet 8 oncle
43%
Outro quitteras
43%
Couplet 4 réchauffe
43%
Couplet 7 treille
43%
Couplet 9 tristes
43%
Couplet 9 femmes
40%
Couplet 9 souvenant
40%
Couplet 10 Tout
40%
Couplet 10 berce
38%
Couplet 5 Bien
38%
Couplet 9 chansons
38%
Couplet 7 chapeaux
38%
Couplet 8 drôle
38%
Couplet 9 veillées
36%
Couplet 10 yeux
36%
Couplet 10 Après
32%
Couplet 7 foulards
32%
Couplet 10 s'endormant
32%
Couplet 7 Tandis
32%
Couplet 5 Dont
30%
Couplet 7 frais
30%
Couplet 10 journée
30%
Couplet 5 Marie
30%
Couplet 5 Sainte
30%
Couplet 5 tendez
30%
Couplet 5 vous
30%
Couplet 10 Chantent
28%
Couplet 5 pleine
28%
Couplet 5 statue
28%
Couplet 7 bancs
26%
Couplet 7 pêle-mêle
26%
Couplet 5 place
26%
Couplet 7 s'entassent
26%
Couplet 5 grâces
21%
Couplet 10 sourie
21%
Couplet 10 doucement
19%
Couplet 10 fermés
17%
Aucun quiz correspondant
Distribution des résultats
% des personnes avec chaque résultat
Percentile par nombre de réponses
Votre historique - résultats
Vous n’avez pas pris ce quiz